Compendium of theoretical physics / (Record no. 29990)

000 -LEADER
fixed length control field 00556 a2200169 4500
020 ## - INTERNATIONAL STANDARD BOOK NUMBER
International Standard Book Number 0387257993
020 ## - INTERNATIONAL STANDARD BOOK NUMBER
International Standard Book Number 9780387257990
082 04 - DEWEY DECIMAL CLASSIFICATION NUMBER
Classification number 530.15
090 ## - LOCALLY ASSIGNED LC-TYPE CALL NUMBER (OCLC); LOCAL CALL NUMBER (RLIN)
-- 1378
-- 1378
100 1# - MAIN ENTRY--PERSONAL NAME
Personal name Wachter, Armin.
245 10 - TITLE STATEMENT
Title Compendium of theoretical physics /
Statement of responsibility, etc. Armin Wachter, Henning Hoeber.
260 ## - PUBLICATION, DISTRIBUTION, ETC.
Place of publication, distribution, etc. [S.l.] :
Name of publisher, distributor, etc. Springer,
Date of publication, distribution, etc. 2006.
300 ## - PHYSICAL DESCRIPTION
Extent 534 p. ;
Dimensions 24 cm.
700 1# - ADDED ENTRY--PERSONAL NAME
Personal name Hoeber, Henning.
942 ## - ADDED ENTRY ELEMENTS (KOHA)
Institution code [OBSOLETE] SNS
Koha item type Book
Call number prefix 530.15 WAC
Holdings
Withdrawn status Lost status Damaged status Not for loan Permanent Location Current Location Date acquired Total Checkouts Full call number Barcode Date last seen Price effective from Koha item type
        School of Natural Sciences (SNS) School of Natural Sciences (SNS) 05/26/2016   530.15 WAC SNS0000520 09/02/2019 05/26/2016 Book
© 2023 Central Library, National University of Sciences and Technology. All Rights Reserved.